000 00258nam a2200121Ia 4500
008 221030s9999 xx 000 0 und d
041 _aEnglish
100 _aW. Henry
245 0 _aDictionary Of IT
_cby W. Henry
260 _c0
650 _aB
942 _cBK
999 _c16420
_d16420